[Event "Ceske Budejovice op-B"]
[Site "Ceske Budejovice"]
[Date "2023.07.09"]
[Round "9"]
[White "Kavanova, Valentyna"]
[Black "Kotisa, Jan"]
[Result "1-0"]
[WhiteElo "1065"]
[BlackElo "1395"]
[PlyCount "96"]
[EventDate "2023.07.01"]
[EventType "swiss"]
[EventRounds "9"]
[EventCountry "CZE"]
[SourceTitle "EXT 2024"]
[Source "ChessBase"]
[SourceDate "2023.10.10"]
[SourceVersion "1"]
[SourceVersionDate "2023.10.10"]
[SourceQuality "1"]

1. d4 d5 2. c4 e6 3. Nc3 Nf6 4. Nf3 c5 5. Bg5 cxd4 6. Nxd4 Bb4 7. e3 Bxc3+ 8. bxc3 dxc4 9. Bxc4 0-0 10. 0-0 a6 11. Qc2 Nbd7 12. Bd3 h6 13. Bh4 Qc7 14. f4 Nd5 15. Rf3 Qxc3 16. Qxc3 Nxc3 17. g4 g6 18. Rh3 Kg7 19. Be1 Nd5 20. Bd2 Rh8 21. e4 N5f6 22. Rg3 e5 23. Nb3 exf4 24. Bxf4 g5 25. Bd6 Re8 26. Re1 Ne5 27. h3 Nxd3 28. Rxd3 Rxe4 29. Rxe4 Nxe4 30. Be5+ f6 31. Bc7 f5 32. Rd8 fxg4 33. hxg4 b5 34. Be5+ Kf7 35. Nd4 Nc5 36. Bd6 Na4 37. Rf8+ Kg6 38. Be5 Nb6 39. Rf6+ Kh7 40. Rxb6 Bxg4 41. Kh2 Rf8 42. Rxa6 Rf1 43. Nxb5 Rf5 44. Ra7+ Kg6 45. Re7 Kh5 46. a4 Rf2+ 47. Kg3 Ra2 48. Nc3 Ra3 1-0

[Event "Ceske Budejovice op-B"]
[Site "Ceske Budejovice"]
[Date "2023.07.06"]
[Round "6"]
[White "Yurchenko, Oleg"]
[Black "Kotisa, Jan"]
[Result "0-1"]
[WhiteElo "1659"]
[BlackElo "1395"]
[PlyCount "100"]
[EventDate "2023.07.01"]
[EventType "swiss"]
[EventRounds "9"]
[EventCountry "CZE"]
[SourceTitle "EXT 2024"]
[Source "ChessBase"]
[SourceDate "2023.10.10"]
[SourceVersion "1"]
[SourceVersionDate "2023.10.10"]
[SourceQuality "1"]

1. e4 c5 2. Nc3 e6 3. d4 cxd4 4. Qxd4 Nc6 5. Qe3 Bb4 6. Bd2 Nf6 7. Qg3 Rg8 8. 0-0-0 Bxc3 9. Bxc3 Nxe4 10. Qe3 Nxc3 11. Qxc3 Qa5 12. Qxa5 Nxa5 13. Bd3 h6 14. Nf3 Nc6 15. Bb5 Ke7 16. Bxc6 bxc6 17. Rd4 c5 18. Rc4 d6 19. Rd1 Bb7 20. Rd3 Ba6 21. Nd2 Bxc4 22. Nxc4 d5 23. Ne5 f6 24. Nc6+ Kd6 25. Na5 Kc7 26. Rb3 Rab8 27. Rxb8 Rxb8 28. b3 Rb5 29. b4 Rxb4 30. a3 Rh4 31. Nb3 Rxh2 32. Nxc5 Kd6 33. Nb7+ Kc6 34. Nd8+ Kd7 35. Nb7 Rxg2 36. Nc5+ Kd6 37. Nd3 h5 38. Nf4 Rg1+ 39. Kd2 h4 40. Ke3 e5 41. Nh5 h3 42. Kf3 h2 43. Ng3 Rxg3+ 44. fxg3 h1Q+ 45. Kf2 e4 46. c3 Qf3+ 47. Kg1 e3 48. Kh2 e2 49. g4 e1R 50. c4 Rh1# 0-1

[Event "Ceske Budejovice op-B"]
[Site "Ceske Budejovice"]
[Date "2023.07.03"]
[Round "3"]
[White "Kotisa, Jan"]
[Black "Lizner, Milan"]
[Result "1-0"]
[WhiteElo "1395"]
[BlackElo "1792"]
[PlyCount "63"]
[EventDate "2023.07.01"]
[EventType "swiss"]
[EventRounds "9"]
[EventCountry "CZE"]
[SourceTitle "EXT 2024"]
[Source "ChessBase"]
[SourceDate "2023.10.10"]
[SourceVersion "1"]
[SourceVersionDate "2023.10.10"]
[SourceQuality "1"]

1. e4 c5 2. Nf3 Nc6 3. d4 cxd4 4. Nxd4 e5 5. Nb5 a6 6. Nd6+ Bxd6 7. Qxd6 Qf6 8. Qd1 Nge7 9. Nc3 Qg6 10. h4 h5 11. Bg5 d5 12. exd5 Nb4 13. Bxe7 Kxe7 14. Bd3 Nxd3+ 15. Qxd3 Bf5 16. Qe2 Rhe8 17. 0-0-0 Kf8 18. f3 e4 19. Nxe4 Bxe4 20. fxe4 Rxe4 21. Qf2 Rd8 22. Qc5+ Qd6 23. Qxd6+ Rxd6 24. Rd3 Ke7 25. Kd2 Rg6 26. g3 Kd6 27. Re1 Reg4 28. Ree3 Rf6 29. Ke2 Kd7 30. Re5 g6 31. Ree3 Rf5 32. d6 1-0

[Event "CZE-chT U12"]
[Site "Jihlava"]
[Date "2022.06.12"]
[Round "9.3"]
[White "Kotisa, Jan"]
[Black "Borecky, Andrej"]
[Result "1-0"]
[WhiteElo "1378"]
[BlackElo "1158"]
[PlyCount "95"]
[EventDate "2022.06.10"]
[EventType "team-swiss"]
[EventRounds "9"]
[EventCountry "CZE"]
[SourceTitle "CBM 209 Extra"]
[Source "ChessBase"]
[SourceDate "2022.09.30"]
[SourceVersion "1"]
[SourceVersionDate "2022.09.30"]
[SourceQuality "1"]
[WhiteTeam "Namest nad Oslavou U12"]
[BlackTeam "Sachy Stepan U12"]
[WhiteTeamCountry "CZE"]
[BlackTeamCountry "CZE"]

1. e4 e6 2. d4 d5 3. exd5 exd5 4. Nf3 c5 5. Bb5+ Nc6 6. dxc5 Bxc5 7. Ne5 Qe7 8. Qe2 Bd7 9. Nxd7 Kxd7 10. Qxe7+ Ngxe7 11. Nc3 Rhe8 12. 0-0 a6 13. Ba4 d4 14. Ne4 Bb4 15. a3 Ba5 16. Rd1 Nf5 17. Nc5+ Kc7 18. Bf4+ Kc8 19. b4 Bb6 20. Nd3 g6 21. Re1 Rxe1+ 22. Rxe1 Kd7 23. Ne5+ Kc8 24. Nxc6 bxc6 25. Bxc6 Ra7 26. Kf1 Bc7 27. Bxc7 Kxc7 28. Be4 Nd6 29. Bd3 Nf5 30. Bxf5 gxf5 31. Re7+ Kb6 32. Rxa7 Kxa7 33. Ke2 Kb6 34. Kd3 a5 35. bxa5+ Kxa5 36. Kxd4 Ka4 37. c4 Ka5 38. c5 Ka6 39. Kd5 Kb7 40. Kd6 Kc8 41. a4 f4 42. a5 f5 43. a6 Kb8 44. c6 f3 45. c7+ Kc8 46. Kc6 fxg2 47. a7 g1N 48. a8R# 1-0

[Event "CZE-chT U12"]
[Site "Jihlava"]
[Date "2022.06.10"]
[Round "1.3"]
[White "Sotek, Matej"]
[Black "Kotisa, Jan"]
[Result "1/2-1/2"]
[WhiteElo "1296"]
[BlackElo "1378"]
[PlyCount "182"]
[EventDate "2022.06.10"]
[EventType "team-swiss"]
[EventRounds "9"]
[EventCountry "CZE"]
[SourceTitle "CBM 209 Extra"]
[Source "ChessBase"]
[SourceDate "2022.09.30"]
[SourceVersion "1"]
[SourceVersionDate "2022.09.30"]
[SourceQuality "1"]
[WhiteTeam "Opava Slezan U12"]
[BlackTeam "Namest nad Oslavou U12"]
[WhiteTeamCountry "CZE"]
[BlackTeamCountry "CZE"]

1. d4 d5 2. Bf4 Nc6 3. Nf3 Nf6 4. e3 Bg4 5. c4 dxc4 6. Bxc4 e6 7. h3 Bh5 8. 0-0 Be7 9. Nc3 Nd5 10. Bxd5 exd5 11. Qb3 Bxf3 12. gxf3 Rb8 13. Qxd5 a6 14. Qxd8+ Kxd8 15. Nd5 Bd6 16. Bxd6 cxd6 17. Kh2 b5 18. Rac1 Kd7 19. Rg1 Rhg8 20. Rxc6 Kxc6 21. Ne7+ Kb7 22. Nxg8 Rxg8 23. Kg3 Rc8 24. Kf4 g6 25. Rb1 Rc2 26. Kg3 Kc6 27. e4 f6 28. f4 Kd7 29. f3 d5 30. e5 Rd2 31. exf6 Ke6 32. Rc1 Kxf6 33. Rc6+ Kf7 34. Rxa6 Rxd4 35. Ra7+ Kg8 36. Rb7 b4 37. a3 bxa3 38. bxa3 Ra4 39. Rb3 Kf7 40. Kg4 h6 41. Rd3 Ke6 42. h4 Kd6 43. Kg3 h5 44. Rb3 Ke7 45. Rb7+ Kf8 46. Rb5 Rxa3 47. Rxd5 Ra6 48. f5 Rf6 49. fxg6 Rxg6+ 50. Rg5 Rh6 51. Kf4 Kf7 52. Rf5+ Kg7 53. Kg5 Rh8 54. Ra5 Kf7 55. Ra6 Ke7 56. Rh6 Rf8 57. f4 Rg8+ 58. Kxh5 Kf7 59. Ra6 Rg1 60. Ra5 Kf6 61. Rg5 Rf1 62. Rg8 Ke6 63. Rf8 Rg1 64. Kh6 Rg4 65. f5+ Ke7 66. Ra8 Kf6 67. Kh5 Rg1 68. Rf8+ Ke7 69. Ra8 Kf6 70. Rf8+ Ke7 71. Ra8 Kf6 72. Kh6 Kxf5 73. Ra5+ Kf6 74. Rg5 Rh1 75. h5 Kf7 76. Kh7 Kf6 77. Rg6+ Kf7 78. h6 Rh2 79. Ra6 Rh1 80. Kh8 Rh2 81. h7 Rg2 82. Ra8 Rg1 83. Rg8 Rh1 84. Rg7+ Kf8 85. Ra7 Rg1 86. Ra2 Kf7 87. Rf2+ Ke7 88. Rf3 Rg2 89. Ra3 Kf7 90. Ra7+ Kf6 91. Ra8 Kf7 1/2-1/2